000 00520nam a2200193Ia 4500
005 20240323142229.0
008 131103s9999 xx 000 0 und d
040 _aLoreto College
041 _aEnglish
082 _a170
_bLAR
100 _aLarsen, Earnest
245 _aWill Religion Make Sense to Your Child?
_cEarnest Larsen, Patricia Galvin
260 _aU.S.A.
_bLigourian Books
_c1970
300 _a144p.
_b pic.
650 _aMoral Science
700 _aGalvin, Patricia
850 _aLCBED
942 _cBK
999 _c31860
_d82339